L'arte del counseling : il consiglio, la guida, la supervisione

में बचाया:
ग्रंथसूची विवरण
मुख्य लेखक: May, Rollo
स्वरूप: पुस्तक
भाषा:अंग्रेज़ी
प्रकाशित: Roma Astrolabio 1991
टैग: टैग जोड़ें
कोई टैग नहीं, इस रिकॉर्ड को टैग करने वाले पहले व्यक्ति बनें!

MARC

LEADER 00000nam a2200000 4500
005 20231123191113.0
008 231123b |||||||| |||| 00| 0 eng d
020 |a 8834010167 
040 |c C 
082 |a 158.3 
100 |a May, Rollo 
245 |a L'arte del counseling  |b : il consiglio, la guida, la supervisione 
260 |a Roma  |b Astrolabio  |c 1991 
942 |2 ddc  |c BK  |n 0 
952 |0 0  |1 0  |2 ddc  |4 0  |6 158_300000000000000_MAY_ART  |7 1  |9 335  |a GE  |b GE  |d 2023-11-23  |l 0  |o 158.3 MAY ART  |p 4441  |r 2023-11-23 19:11:35  |w 2023-11-23  |y BK 
999 |c 245  |d 245